|
|
|
|
| LEADER |
01224nam a2200277 u 4500 |
| 001 |
10117440 |
| 003 |
upatras |
| 005 |
20210117205540.0 |
| 008 |
150910s197 gr gre |
| 040 |
|
|
|a GR-PaULI
|c GR-PaULI
|
| 041 |
1 |
|
|a gre
|
| 082 |
0 |
4 |
|a 322.1
|
| 100 |
1 |
|
|a Bakunin, Mikhail Aleksandrovich,
|d 1814-1876
|4 aut
|9 141824
|
| 245 |
1 |
0 |
|a Φεντεραλισμός, σοσιαλισμός, αντιθεολογισμός
|c Μιχαήλ Μπακούνιν; μετάφραση Γιώργος Νταλιάνης
|
| 260 |
|
|
|a Αθήνα
|b Ελεύθερος Τύπος
|c 197-
|
| 300 |
|
|
|a 156 σ.
|c 21 εκ.
|
| 650 |
|
4 |
|a Θρησκεία και κράτος
|9 79179
|
| 650 |
|
4 |
|a Σοσιαλισμός
|9 2881
|
| 650 |
|
4 |
|a Αναρχισμός
|9 17006
|
| 650 |
|
4 |
|a Φιλόσοφοι
|z Ρωσία
|9 145942
|
| 700 |
1 |
|
|a Νταλιάνης, Γιώργος
|4 trl
|9 132603
|
| 852 |
|
|
|a GR-PaULI
|b ΠΑΤΡΑ
|b ΦΙΛΟΣΟΦΙΑ
|k ΑΣΧΕ-4
|h 322.1 BAK
|m 10629
|p 025000186631
|t 1
|
| 942 |
|
|
|2 ddc
|c BK15
|
| 952 |
|
|
|0 0
|1 0
|4 0
|6 322_100000000000000_BAK
|7 0
|9 183507
|a PHIL
|b PHIL
|d 2016-04-24
|i 10629
|l 0
|o 322.1 BAK
|p 025000186631
|r 2016-04-24 00:00:00
|t 1
|w 2016-04-24
|y BK15
|
| 998 |
|
|
|c ΚΑΝΕΛΛΟΠΟΥΛΟΥ
|d 2015-09
|
| 999 |
|
|
|c 113220
|d 113220
|